Catálogo
 En Linea

Curso de mecánica racional / (Registro nro. 35755)

Detalles MARC
000 -CABECERA
campo de control de longitud fija 00625nam a2200181 a 4500
001 - NÚMERO DE CONTROL
campo de control 000036264
005 - FECHA Y HORA DE LA ÚLTIMA TRANSACCIÓN
campo de control 20200930075633.0
008 - DATOS DE LONGITUD FIJA--INFORMACIÓN GENERAL
campo de control de longitud fija 120112s1934 sp a 000 0 spa d
040 ## - FUENTE DE LA CATALOGACIÓN
Centro catalogador/agencia de origen DO-SdBNP
Lengua de catalogación spa
Centro/agencia transcriptor BNPHU
100 1# - ENTRADA PRINCIPAL--NOMBRE DE PERSONA
Nombre de persona Torner de la Fuente, Jorge
9 (RLIN) 62371
245 10 - MENCIÓN DE TÍTULO
Título Curso de mecánica racional /
Mención de responsabilidad, etc. por Jorge Torner de la Fuente ; considerablemente aumentada por Fernando Peña y Serrano.
250 ## - MENCIÓN DE EDICIÓN
Mención de edición 2a. ed.
260 ## - PUBLICACIÓN, DISTRIBUCIÓN, ETC.
Lugar de publicación, distribución, etc. Madrid :
Nombre del editor, distribuidor, etc. Librería Internacional de Romo,
Fecha de publicación, distribución, etc. 1934.
300 ## - DESCRIPCIÓN FÍSICA
Extensión 2 v. ;
Dimensiones 20 cm.
490 0# - MENCIÓN DE SERIE
Mención de serie Biblioteca tecnológica
650 24 - PUNTO DE ACCESO ADICIONAL DE MATERIA--TÉRMINO DE MATERIA
Término de materia o nombre geográfico como elemento de entrada Mecánca
9 (RLIN) 62372
700 1# - PUNTO DE ACCESO ADICIONAL--NOMBRE DE PERSONA
Nombre de persona Peña y Serrano, Fernando
9 (RLIN) 62373
Existencias
Estado de retiro Estado de pérdida Restricciones de uso No para préstamo Código de colección Localización permanente Ubicación/localización actual Ubicación en estantería Fecha de adquisición Número de inventario Total de préstamos Signatura topográfica completa Código de barras Fecha visto por última vez Precio válido a partir de Tipo de ítem Koha
      Excluido de préstamo Monografías: Libros y Folletos General General En catalogación 12.01.2012 LF1   v.1 36264-10 25.06.2020 25.06.2020 No se presta
      Excluido de préstamo Monografías: Libros y Folletos General General En catalogación 12.01.2012 LF1   v.2 36264-20 25.06.2020 25.06.2020 No se presta

Con tecnología Koha